名探偵コナン 主題歌からアーティスト名 - Statistics

General Stats
  • This quiz has been taken 62 times
    45 since last reset
  • The average score is 29 of 135
Answer Stats
Hint Answer % Correct
ギリギリchop B'z
60%
衝動 B'z
60%
風のららら 倉木麻衣
50%
一秒ごとに Love for you 倉木麻衣
50%
Revive 倉木麻衣
50%
薔薇色の人生 倉木麻衣
50%
ZEROからハジメテ 倉木麻衣
50%
Secret of my heart 倉木麻衣
50%
Start in my life 倉木麻衣
50%
白い雪 倉木麻衣
50%
Tomorrow is the last Time 倉木麻衣
50%
無敵なハート 倉木麻衣
50%
SAWAGE☆LIFE 倉木麻衣
50%
Winter Bells 倉木麻衣
40%
Growing of my heart 倉木麻衣
40%
SUMMER TIME GONE 倉木麻衣
40%
TRY AGAIN 倉木麻衣
40%
DYNAMITE 倉木麻衣
40%
Unraveling Love 〜少しの勇気〜 倉木麻衣
40%
always 倉木麻衣
40%
Your Best Friend 倉木麻衣
40%
恋に恋して 倉木麻衣
40%
渡月橋 〜君 想ふ〜 倉木麻衣
40%
きみと恋のままで終われない いつも夢のままじゃいられない 倉木麻衣
40%
ベロニカ 倉木麻衣
40%
TOWA ~永久に風に乗る~ 倉木麻衣
40%
Don't Wanna Lie B'z
40%
世界はあなたの色になる B'z
40%
謎(1997~1998) 小松未歩
30%
恋はスリル、ショック、サスペンス 愛内里菜
30%
光と影のロマン 宇徳敬子
30%
願い事ひとつだけ 小松未歩
30%
氷の上に立つように 小松未歩
30%
青い青いこの地球に 上原あずみ
30%
無色 上原あずみ
30%
YESTERDAY LOVE 倉木麻衣
30%
Y☺︎u & I 倉木麻衣
30%
Q&A B'z
30%
ピルグリム B'z
30%
夏の幻 GARNET CROW
30%
謎(2015) La PomPon
30%
真っ赤なLip WANDS
30%
運命のルーレット廻して(1998) ZARD
30%
星のかがやきよ ZARD
30%
destiny 松橋未樹
20%
I can't stop my love for you♥ 愛内里菜
20%
MAGIC 愛内里菜
20%
君の涙にこんなに恋してる なついろ
20%
稲葉浩志
20%
Lie,Lie,Lie, 大黒摩季
20%
SPARKLE 大黒摩季
20%
世界 止めて 竹井詩織里
20%
Thank You For Everything 岩田さゆり
20%
もう君だけを離したりはしない 上木彩矢
20%
I still believe 〜ため息〜 滴草由実
20%
Summer Memories 上木彩矢
20%
ふたりの秒針 焚吐
20%
100もの扉 愛内里菜&三枝夕夏
20%
Everlasting Luv BREAKERZ
20%
Miss Mystery BREAKERZ
20%
WE GO BREAKERZ
20%
幾千の迷宮で 幾千の謎を解いて BREAKERZ
20%
月夜の悪戯の魔法 BREAKERZ
20%
オーバーライト BREAKERZ
20%
SLEEPLESS B'z
20%
tear drops Caos Caos Caos
20%
君がいない夏 DEEN
20%
Mysterious Eyes GARNET CROW
20%
涙のイエスタデー GARNET CROW
20%
As the Dew GARNET CROW
20%
Misty Mystery GARNET CROW
20%
夢みたあとで GARNET CROW
20%
君という光 GARNET CROW
20%
世界はまわると言うけれど GARNET CROW
20%
Doing all right GARNET CROW
20%
悲しいほど 今日の夕陽 きれいだね grram
20%
Hello Mr. my yesterday Hundred Percent Free
20%
眠る君の横顔に微笑みを 三枝夕夏 IN db
20%
ジューンブライド 〜あなたしか見えない〜 三枝夕夏 IN db
20%
雪どけのあの川の流れのように 三枝夕夏 IN db
20%
運命のルーレット廻して(2016) La PomPon
20%
恋心 輝きながら Naifu
20%
神風エクスプレス Only this time(焚吐×みやかわくん)
20%
Still for your love rumania montevideo
20%
TRUTH〜A Great Detective of Love〜 TWO-MIX
20%
Butterfly Core VALSHE
20%
君への嘘 VALSHE
20%
グロリアス マインド ZARD
20%
愛は暗闇の中で ZARD
20%
明日を夢見て ZARD
20%
悲しいほど貴方が好き ZARD
20%
START 愛内里菜
10%
Overture 稲葉浩志
10%
Sissy Sky 宮川愛李
10%
Reboot 宮川愛李
10%
Fun! Fun! Fun! 新浜レオン
10%
RAIN MAN AKIHIDE
10%
瞳のメロディ BOYFRIEND
10%
BREAKERZ
10%
夢物語 BREAKERZ
10%
Heaven Knows B'z
10%
忘れ咲き GARNET CROW
10%
十五夜クライシス〜君に逢いたい〜 Hundred Percent Free
10%
君と約束した優しいあの場所まで 三枝夕夏 IN db
10%
雲に乗って 三枝夕夏 IN db
10%
Mysterious Naifu
10%
ANSWER Only this time(焚吐×みやかわくん)
10%
...and Rescue Me Rainy。
10%
胸がドキドキ THE HIGH-LOWS
10%
Free Magic WAG
10%
RAISE INSIGHT WANDS
10%
STEP BY STEP ZIGGY
10%
Poker Face あみゅり
0%
GO YOUR OWN WAY 滴草由実
0%
クウフク 今夜、あの街から
0%
JUST BELIEVE YOU all at once
0%
星合 all at once
0%
プレイメーカー all at once
0%
SWEET MOONLIGHT BREAKERZ
0%
Everything OK!! Cellchrome
0%
Aozolighter Cellchrome
0%
君の笑顔がなによりも好きだった Chicago Poodle
0%
いま逢いたくて… DAIGO
0%
タイムライン dps
0%
さだめ First place
0%
迷宮のラヴァーズ heath
0%
Greed KNOCK OUT MONKEY
0%
カウントダウン NormCore
0%
But ノーラヴ Rainy。
0%
少しづつ 少しづつ SARD UNDERGROUND
0%
空っぽの心 SARD UNDERGROUND
0%
夢で逢いましょう SARD UNDERGROUND
0%
Feel Your Heart VELVET GARDEN
0%
YURA YURA WANDS
0%
Shooting star WANDS
0%
No matching quizzes found
Score Distribution
Percent of People with Each Score
Percentile by Number Answered
Your Score History
You have not taken this quiz since the last reset